000 00420 a2200169 4500
020 _a0132543354
082 _a621.381325 GON
090 _c40004
_d40004
100 _aGonzalez, Guillermo
245 _aMicrowave Transistor Amplifiers 2nd Ed
250 _a2
260 _aUSA
_bPrentice Hall
_c1996
300 _aX 517
500 _aBE textbook Avionics
505 _aNUST Books
942 _aNUST-CAE
_k621.381325GON
999 _c475398
_d475398